| 000 | 00650nam a2200217 a 4500 | ||
|---|---|---|---|
| 999 |
_c1201 _d1201 |
||
| 001 | 1201 | ||
| 003 | BD-JhCC | ||
| 005 | 20171016183350.0 | ||
| 008 | 171016s1992 bg ||||| |||| 00| 0 ben d | ||
| 035 | _a(BD-JhCC)1201 | ||
| 040 |
_aBD-JhCC _dBD-JhCC |
||
| 041 | _aben | ||
| 082 |
_a891.443 _bVAT 1992 |
||
| 100 | _aভট্রাচার্য, সুকান্ত | ||
| 245 |
_aছাড় পত্র / _cসুকান্ত ভট্রাচার্য |
||
| 260 |
_aঢাকাঃ _bআফসার ব্রাদার্স, _c1992 |
||
| 300 |
_a40 p. : _c21 cm. |
||
| 650 | _aBengali novel | ||
| 942 |
_2ddc _cBK |
||